| 000 | 01055cam a2200361 i 4500 | ||
|---|---|---|---|
| 999 |
_c200001422 _d28784 |
||
| 001 | 200001422 | ||
| 003 | TR-AnTOB | ||
| 005 | 20260109091125.0 | ||
| 007 | ta | ||
| 008 | 100716s2017 tu 0 tur | ||
| 020 | _a9753900791 | ||
| 020 | _a9789753900799 | ||
| 040 |
_aTR-AnTOB _beng _erda _cTR-AnTOB |
||
| 041 | 1 |
_atur _heng |
|
| 050 | 1 | 4 |
_aPS3570.R44 _bS419 2017 |
| 090 |
_aPS3570.R44 _bS419 2017 |
||
| 100 | 0 |
_aTrevanian _eauthor _916183 |
|
| 240 |
_aShibumi. _lTurkish. |
||
| 245 | 1 | 0 |
_aŞibumi / _cTrevanian ; çevrien: Belkıs Çorakçı. |
| 250 | _aOnuncu basım | ||
| 264 | 1 |
_aİstanbul : _bE Yayınları, _c2017. |
|
| 300 |
_a445 pages ; _c20 cm |
||
| 336 |
_2rdacontent _atext _btxt |
||
| 337 |
_2rdamedia _aunmediated _bn |
||
| 338 |
_2rdacarrier _avolume _bnc |
||
| 490 | 0 | _aRoman dizisi | |
| 500 | _aTranslation of: Shibumi. | ||
| 650 | 0 |
_aAmerikan edebiyatı _y20.Yüzyıl _977588 |
|
| 700 | 1 |
_aÇorakçı Dişbudak, Belkıs, _d1938- _etranslator _9151153 |
|
| 730 | 0 | 2 |
_aShibumi. _lTurkish |
| 942 |
_cBK _2lcc |
||